La Qualitat ecològica del Llobregat, el Besòs i el Foix : informe 1997 / [autors del treball: Narcís Prat ... [et al.] informe 1997 / [autors del treball:
ISBN:
84-7794-607-8
Descripción Física:
154 p. : gràf, taules, plànols ; 30 cm
Otros Autores:
Prat i Fornells, Narcís
MARC
| LEADER | 00000nam a2200000Ia 4500 | ||
|---|---|---|---|
| 001 | 12320 | ||
| 008 | 160829s9999 xx 000 0 cat d | ||
| 020 | |a 84-7794-607-8 | ||
| 080 | |a C-1-18 | ||
| 245 | |a La Qualitat ecològica del Llobregat, el Besòs i el Foix : |b informe 1997 / [autors del treball: |b Narcís Prat ... [et al.] | ||
| 260 | |a Barcelona : |b Diputació de Barcelona, Àrea de Medi Ambient, cop. 1999 | ||
| 300 | |a 154 p. : |b gràf, taules, plànols ; |c 30 cm | ||
| 490 | |a Estudis de la qualitat ecològica dels rius ; 6 | ||
| 590 | |a Bibliografia | ||
| 650 | |a Ecologia fluvial |x Llobregat (Riu) |9 33379 | ||
| 650 | 0 | |a Ecologia fluvial |z Besòs (Catalunya : Curs d'aigua) |9 17662 | |
| 650 | |a Ecologia fluvial |x Foix (Riu) |9 34873 | ||
| 700 | 1 | |a Prat i Fornells, Narcís |9 38638 | |
| 710 | |a Barcelona (Catalunya : Província). |b Àrea de Medi Ambient |9 52987 | ||
| 901 | |a Arxiu | ||
| 942 | |n 1 | ||
| 952 | |0 0 |1 0 |4 0 |6 C118 |7 1 |9 46672 |a Arxiu |b Arxiu |d 2016-12-01 |l 0 |o C-1-18 |p 12320 |r 2016-12-01 00:00:00 |w 2016-12-01 |y ARXIU | ||
| 999 | |c 50465 |d 50465 | ||